000 00921nam a2200265Ia 4500
003 OSt
005 20220930091457.0
006 a|||||r|||| 00| 0
007 ta
008 220926b |||||||| |||| 00| 0 eng d
024 _a6025
037 _cTheses
040 _aCRL
_cCRL
_beng
041 _2eng
_aeng
100 _aDarling Hariguremandir jbps Au.
_9545789
110 _aUniversity of Delhi. Faculty of Medical Sciences. Department of Genral Medicine
245 0 _aStudy of spectrum of hospital acquired acute kidney injury and their outcome at a tertiary care referral hospital
260 _c2012
300 _a59
_ap.
_ccm.
650 _aMEDICINE
700 _a Dr. Brig U. K. Sharma Gu.
_9545790
700 _aUniversity of Delhi. Faculty of Medical Sciences. Department of Genral Medicine
942 _cDIS
_2CC
999 _c882129
_d882129